[Event "GER-chB U25"]
[Site "Oberhof"]
[Date "2011.06.18"]
[Round "9"]
[White "Maiwald, Lars"]
[Black "Michalowski, Melina"]
[Result "1/2-1/2"]
[WhiteElo "940"]
[BlackElo "1184"]
[PlyCount "59"]
[EventDate "2011.06.11"]
[EventType "swiss"]
[EventRounds "9"]
[EventCountry "GER"]
[SourceTitle "CBM 142 Extra"]
[Source "ChessBase"]
[SourceDate "2011.06.27"]
[SourceVersion "1"]
[SourceVersionDate "2011.06.27"]
[SourceQuality "1"]

1. d4 Nf6 2. Nf3 g6 3. c4 Bg7 4. Nc3 0-0 5. Bf4 d6 6. e3 Re8 7. Be2 Nbd7 8. 0-0 c6 9. Rc1 Qc7 10. c5 e5 11. cxd6 Qxd6 12. dxe5 Qxd1 13. Rfxd1 Nh5 14. b4 Nb6 15. b5 Bd7 16. bxc6 Bxc6 17. g4 Nxf4 18. exf4 Rac8 19. Nd4 Red8 20. Nxc6 Rxd1+ 21. Rxd1 Rxc6 22. Ne4 Rc2 23. Kf1 Rxa2 24. Rd8+ Bf8 25. Rb8 Ra1+ 26. Kg2 a5 27. Rxb7 Nd5 28. Bc4 Nxf4+ 29. Kf3 Ne6 30. Ra7 1/2-1/2

[Event "GER-chT U14 Girls"]
[Site "Gross Doelln"]
[Date "2010.12.30"]
[Round "7.2"]
[White "Michalowski, Melina"]
[Black "Flach, Helene"]
[Result "1-0"]
[WhiteElo "1109"]
[BlackElo "760"]
[PlyCount "69"]
[EventDate "2010.12.27"]
[EventType "team-swiss"]
[EventRounds "7"]
[EventCountry "GER"]
[SourceTitle "CBM 140 Extra"]
[Source "ChessBase"]
[SourceDate "2011.03.01"]
[SourceVersion "1"]
[SourceVersionDate "2011.03.01"]
[SourceQuality "1"]
[WhiteTeam "Uttenreuth"]
[BlackTeam "Langen"]
[WhiteTeamCountry "GER"]
[BlackTeamCountry "GER"]

1. d4 d5 2. c4 e6 3. Nc3 c5 4. cxd5 exd5 5. dxc5 Nf6 6. Bg5 Be7 7. Bxf6 Bxf6 8. Nxd5 Bxb2 9. Rb1 Ba3 10. Qa4+ Nc6 11. Rd1 Bxc5 12. Qe4+ Ne7 13. Nf6+ gxf6 14. Rxd8+ Kxd8 15. Nf3 Bf5 16. Qc4 Rc8 17. Qa4 a6 18. e3 Nd5 19. Qa5+ Bb6 20. Qxd5+ Bd7 21. Be2 Rc5 22. Qd3 Re8 23. 0-0 Re7 24. Rd1 Rc7 25. Qxh7 Rc6 26. Ne1 Kc7 27. Qd3 Kb8 28. Qb1 Bc7 29. Bf3 Rb6 30. Qc2 Rc6 31. Bxc6 Bxc6 32. Qb3 Rd7 33. Rxd7 Bxd7 34. Qxf7 Kc8 35. Qxf6 1-0

[Event "GER-chT U14 Girls"]
[Site "Gross Doelln"]
[Date "2010.12.28"]
[Round "3.2"]
[White "Michalowski, Melina"]
[Black "Buerger, Jessica"]
[Result "0-1"]
[WhiteElo "1109"]
[BlackElo "1318"]
[PlyCount "158"]
[EventDate "2010.12.27"]
[EventType "team-swiss"]
[EventRounds "7"]
[EventCountry "GER"]
[SourceTitle "CBM 140 Extra"]
[Source "ChessBase"]
[SourceDate "2011.03.01"]
[SourceVersion "1"]
[SourceVersionDate "2011.03.01"]
[SourceQuality "1"]
[WhiteTeam "Uttenreuth"]
[BlackTeam "Paderborn"]
[WhiteTeamCountry "GER"]
[BlackTeamCountry "GER"]

1. d4 d5 2. c4 c6 3. Nc3 Nf6 4. Bf4 e6 5. Nf3 Bd6 6. Bxd6 Qxd6 7. e3 0-0 8. cxd5 cxd5 9. Rc1 Nc6 10. g3 a6 11. Bg2 Re8 12. 0-0 e5 13. Nxe5 Nxe5 14. dxe5 Rxe5 15. Qd4 Rh5 16. Rcd1 Be6 17. Rfe1 Qe5 18. e4 Qxd4 19. Rxd4 dxe4 20. Nxe4 Ng4 21. h3 Ne5 22. Kh2 Bxh3 23. Kg1 Bxg2 24. Kxg2 Rh6 25. Red1 Kf8 26. Rd8+ Rxd8 27. Rxd8+ Ke7 28. Rb8 Kd7 29. Rxb7+ Kc6 30. Rb3 f5 31. Nc3 g5 32. Ne2 g4 33. Nf4 Nf3 34. Rd3 Ne1+ 35. Kg1 Nxd3 36. Nxd3 Rd6 37. Nb4+ Kc5 38. a3 h5 39. Kg2 a5 40. Nc2 Rf6 41. f3 f4 42. gxf4 Rxf4 43. fxg4 Rxg4+ 44. Kh3 Re4 45. b4+ axb4 46. axb4+ Kb5 47. Kg3 Ka4 48. Kf3 Rc4 49. Ne3 Rxb4 50. Ng2 Kb5 51. Kg3 Rb3+ 52. Kh4 Rb2 53. Kg3 Kc5 54. Nh4 Rb4 55. Ng2 Kd6 56. Kh3 Ke5 57. Kg3 Rg4+ 58. Kh3 Ke4 59. Ne1 Ke3 60. Ng2+ Kf2 61. Nh4 Rg8 62. Kh2 Rg3 63. Nf5 Rg2+ 64. Kh3 Kg1 65. Nh4 Rg8 66. Nf3+ Kf2 67. Nh4 Ke3 68. Nf5+ Kf4 69. Nd4 h4 70. Ne2+ Ke3 71. Nc3 Kf3 72. Nd1 Rg1 73. Nf2 Kxf2 74. Kxh4 Kf3 75. Kh5 Kf4 76. Kh6 Kf5 77. Kh7 Kf6 78. Kh8 Kf7 79. Kh7 Rh1# 0-1

[Event "GER-ch U14 DEM op"]
[Site "Oberhof"]
[Date "2010.05.28"]
[Round "6"]
[White "Schnabel, Bennett"]
[Black "Michalowski, Melina"]
[Result "1-0"]
[WhiteElo "1043"]
[BlackElo "1006"]
[PlyCount "111"]
[EventDate "2010.05.23"]
[EventType "swiss"]
[EventRounds "7"]
[EventCountry "GER"]
[SourceTitle "CBM 136 Extra"]
[Source "ChessBase"]
[SourceDate "2010.07.02"]
[SourceVersion "2"]
[SourceVersionDate "2010.07.15"]
[SourceQuality "1"]

1. e4 c6 2. d4 d5 3. Nc3 e6 4. Nf3 Bb4 5. e5 Ne7 6. a3 Ba5 7. Be3 Ng6 8. Qd3 0-0 9. Be2 Nd7 10. 0-0 f6 11. exf6 Nxf6 12. Rad1 Bxc3 13. Qxc3 Ne4 14. Qd3 Qe7 15. Nd2 Nd6 16. Rde1 e5 17. dxe5 Nxe5 18. Qc3 Nb5 19. Qb3 Qh4 20. Bxb5 cxb5 21. Qxb5 Kh8 22. Qxd5 Ng4 23. h3 Rd8 24. Qb5 Nf6 25. Qc4 Qh5 26. Nf3 Bxh3 27. Qh4 Qxh4 28. Nxh4 Bd7 29. c4 Bc6 30. Rd1 Ba4 31. Rxd8+ Rxd8 32. Bxa7 Rd2 33. b4 Rc2 34. c5 Re2 35. Rb1 Bb5 36. Rd1 h6 37. Rd8+ Kh7 38. f3 Re1+ 39. Kf2 Nh5 40. Kxe1 Bc6 41. Rb8 Nf6 42. a4 Bxa4 43. Rxb7 Nd5 44. b5 Nb4 45. Nf5 Kg6 46. Nxg7 Kg5 47. b6 Nc6 48. Ke2 Bb5+ 49. Ke3 Kf6 50. Kf4 Kg6 51. g4 Bc4 52. Rc7 Na5 53. c6 Bd5 54. b7 Nxb7 55. cxb7 Bxb7 56. Rxb7 1-0

[Event "GER-ch U14 DEM op"]
[Site "Oberhof"]
[Date "2010.05.26"]
[Round "4"]
[White "Doepper, Anna Berenice"]
[Black "Michalowski, Melina"]
[Result "1-0"]
[WhiteElo "1001"]
[BlackElo "1006"]
[PlyCount "67"]
[EventDate "2010.05.23"]
[EventType "swiss"]
[EventRounds "7"]
[EventCountry "GER"]
[SourceTitle "CBM 136 Extra"]
[Source "ChessBase"]
[SourceDate "2010.07.02"]
[SourceVersion "2"]
[SourceVersionDate "2010.07.15"]
[SourceQuality "1"]

1. e4 c6 2. c4 d5 3. cxd5 cxd5 4. exd5 Qxd5 5. Nc3 Qa5 6. Nf3 Nc6 7. Be2 Bf5 8. 0-0 e6 9. d4 Nf6 10. Bd2 Qc7 11. Nb5 Qe7 12. Bf4 e5 13. dxe5 a6 14. Nd6+ Kd8 15. Nxf5+ Qd7 16. exf6 Qxd1 17. Rfxd1+ Ke8 18. fxg7 Rg8 19. gxf8Q+ Rxf8 20. Bh6 Rg8 21. Ng7+ Ke7 22. Nf5+ Kf6 23. N3h4 Rae8 24. Rd6+ Re6 25. Rad1 Rc8 26. Bc4 Nd8 27. Bxe6 Nxe6 28. Bg7+ Kg5 29. g3 Kg4 30. Ne3+ Kh3 31. Rd7 Nxg7 32. Rxf7 Ne6 33. Rxh7 b5 34. Nhf5# 1-0

[Event "GER-chT U14 Girls"]
[Site "Dittrichshuette"]
[Date "2008.12.30"]
[Round "7.2"]
[White "Stoll, Vanessa"]
[Black "Michalowski, Melina"]
[Result "1/2-1/2"]
[WhiteElo "1103"]
[BlackElo "853"]
[PlyCount "87"]
[EventDate "2008.12.27"]
[EventType "team-swiss"]
[EventRounds "7"]
[EventCountry "GER"]
[SourceTitle "EXT 2010"]
[Source "ChessBase"]
[SourceDate "2010.11.25"]
[SourceVersion "1"]
[SourceVersionDate "2010.11.25"]
[SourceQuality "1"]
[WhiteTeam "Stadtilm Blau Weiss"]
[BlackTeam "Uttenreuth"]
[WhiteTeamCountry "GER"]
[BlackTeamCountry "GER"]

1. d4 f5 2. e4 fxe4 3. Nc3 e6 4. Nxe4 d5 5. Ng3 Nf6 6. Bd3 Nc6 7. c3 Bd6 8. Nf3 Bd7 9. 0-0 0-0 10. Ng5 h6 11. Nh3 Be8 12. f4 Qe7 13. Bd2 Bf7 14. Qe2 Rae8 15. Rae1 Qd7 16. Qd1 a6 17. Kh1 Re7 18. Ng1 Qe8 19. Nf3 Bg6 20. Bxg6 Qxg6 21. Ne5 Bxe5 22. fxe5 Ne4 23. Rxf8+ Kxf8 24. Rf1+ Kg8 25. Nxe4 dxe4 26. Qe2 Re8 27. h3 Ne7 28. Qg4 Qxg4 29. hxg4 Kh7 30. g5 h5 31. Kh2 Nf5 32. g3 Kg6 33. Re1 Rh8 34. Rxe4 c6 35. Kg2 h4 36. g4 h3+ 37. Kh2 Nh4 38. Re3 Kxg5 39. Rg3+ Kg6 40. Bc1 Ng2 41. Rxh3 Rxh3+ 42. Kxh3 Ne1 43. Kg3 Nd3 44. Bf4 1/2-1/2